00379nam a22001337a 450000500170000000800410001704100230005808200120008110000230009324500450011626000380016130000210019965000250022020240828135805.0240828b |||||||| |||| 00| 0 eng d aEnglish/Afrikaans  a349 LAW lEnglish/Afrikaans  aThe Laws of the Republic of Namibia 1998 aWindhoek: bBy Authority, c1998  b35 cm. c30 cm.  aLegal practice bLaw